[Event "EU-ch blitz"]
[Site "Tallinn"]
[Date "2019.12.07"]
[Round "9"]
[White "Kononenko, Dmitry"]
[Black "Vorobjov, Pavel"]
[Result "1/2-1/2"]
[WhiteElo "2706"]
[BlackElo "2362"]
[PlyCount "154"]
[EventDate "2019.12.07"]
[EventType "swiss (blitz)"]
[EventRounds "22"]
[EventCountry "EST"]
[SourceTitle "CBM 193 Extra"]
[Source "ChessBase"]
[SourceDate "2020.01.31"]
[SourceVersion "1"]
[SourceVersionDate "2020.01.31"]
[SourceQuality "1"]

1. e4 c5 2. Nf3 Nc6 3. d4 cxd4 4. Nxd4 Nf6 5. Nc3 d6 6. Bc4 e6 7. Bb3 a6 8. f4 Na5 9. f5 Nxb3 10. axb3 Be7 11. 0-0 0-0 12. Kh1 Bd7 13. Qf3 e5 14. Nde2 Bc6 15. Bg5 b5 16. Bxf6 Bxf6 17. Rad1 Qc7 18. Ng3 b4 19. Nb1 Bg5 20. f6 Bxf6 21. Qg4 Bd7 22. Nf5 Bxf5 23. Rxf5 Be7 24. Rc1 g6 25. Rff1 a5 26. Nd2 a4 27. bxa4 Rxa4 28. b3 Ra2 29. Nc4 Qc8 30. Qd1 Qc6 31. Qd3 Rd8 32. Rcd1 Raa8 33. Qf3 Rf8 34. Rf2 Rad8 35. Ne3 Qb7 36. Nd5 Kg7 37. Rd3 Bg5 38. Qg3 h6 39. h4 Be7 40. Rdf3 Ra8 41. h5 Bg5 42. Qg4 Rad8 43. Qg3 Qc8 44. Rf1 Qb7 45. R3f2 Qc8 46. Qf3 Qe6 47. hxg6 fxg6 48. Qxf8+ Rxf8 49. Rxf8 Bf4 50. Nxf4 exf4 51. R1xf4 h5 52. Rd8 Qe5 53. Rdf8 Qa1+ 54. Rf1 Qc3 55. R8f2 Qe3 56. Rf4 Qe2 57. R1f2 Qd1+ 58. Kh2 Kh6 59. Rf6 Qd4 60. R6f4 Qe5 61. Kh1 Qa1+ 62. Kh2 Kg5 63. R4f3 Qe5+ 64. g3 Qxe4 65. Rd3 d5 66. Rfd2 Kh6 67. Rxd5 Qe7 68. R5d4 Qc5 69. Rc4 Qe3 70. Rg2 Qe7 71. Rf2 Qe3 72. Kg2 Qe7 73. Kf1 Qd6 74. Kg2 Qd5+ 75. Kh2 Qd6 76. Kg2 Qd5+ 77. Kh2 Qd6 1/2-1/2

[Event "Marianske Lazne GM-A1 16th"]
[Site "Marianske Lazne"]
[Date "2017.01.24"]
[Round "4"]
[White "Kononenko, Dmitry"]
[Black "Ozen, Bahadir"]
[Result "1-0"]
[WhiteElo "2616"]
[BlackElo "2388"]
[PlyCount "61"]
[EventDate "2017.01.21"]
[EventType "tourn"]
[EventRounds "9"]
[EventCountry "CZE"]
[EventCategory "8"]
[SourceTitle "CBM 176 Extra"]
[Source "ChessBase"]
[SourceDate "2017.03.02"]
[SourceVersion "1"]
[SourceVersionDate "2017.03.02"]
[SourceQuality "1"]

1. e4 d6 2. d4 Nf6 3. Nc3 e5 4. Nf3 Nbd7 5. Bc4 Be7 6. 0-0 0-0 7. Re1 c6 8. a4 a5 9. h3 exd4 10. Nxd4 Nc5 11. Bf4 Be6 12. Bf1 Qb6 13. Qf3 Qb4 14. Rad1 Rad8 15. b3 Nfd7 16. Bc1 Bf6 17. Ncb5 Ne5 18. Qg3 cxb5 19. c3 Qxb3 20. Nxb3 Bxb3 21. Bxb5 Bxd1 22. Rxd1 Nxe4 23. Qe3 Nc5 24. Ba3 b6 25. g3 h5 26. f4 Ned7 27. Rxd6 Rfe8 28. Qf3 Re1+ 29. Kg2 h4 30. Qd5 Rde8 31. Bxc5 1-0

[Event "Pardubice Czech op-A 27th"]
[Site "Pardubice"]
[Date "2016.07.27"]
[Round "6"]
[White "Kononenko, Dmitry"]
[Black "Duzhakov, Ilya"]
[Result "1/2-1/2"]
[WhiteElo "2621"]
[BlackElo "2404"]
[PlyCount "50"]
[EventDate "2016.07.22"]
[EventType "swiss"]
[EventRounds "9"]
[EventCountry "CZE"]
[SourceTitle "CBM 173 Extra"]
[Source "ChessBase"]
[SourceDate "2016.08.29"]
[SourceVersion "1"]
[SourceVersionDate "2016.08.29"]
[SourceQuality "1"]

1. e4 e6 2. d4 d5 3. Nd2 c5 4. Ngf3 cxd4 5. Nxd4 Nf6 6. exd5 Nxd5 7. N2f3 Bb4+ 8. Bd2 0-0 9. c4 e5 10. cxd5 Bxd2+ 11. Qxd2 exd4 12. Qxd4 Re8+ 13. Be2 b6 14. Kf1 Qd6 15. Rd1 Nd7 16. Nd2 Rxe2 17. Kxe2 Ba6+ 18. Nc4 Re8+ 19. Kd2 Qb4+ 20. Qc3 Qxc4 21. Qxc4 Bxc4 22. d6 Bxa2 23. Ra1 Bd5 24. Rxa7 Bxg2 25. Re1 Rxe1 1/2-1/2

[Event "Pardubice Czech op-A 27th"]
[Site "Pardubice"]
[Date "2016.07.25"]
[Round "4"]
[White "Kononenko, Dmitry"]
[Black "Lalic, Bogdan"]
[Result "1/2-1/2"]
[WhiteElo "2621"]
[BlackElo "2436"]
[PlyCount "37"]
[EventDate "2016.07.22"]
[EventType "swiss"]
[EventRounds "9"]
[EventCountry "CZE"]
[SourceTitle "CBM 173 Extra"]
[Source "ChessBase"]
[SourceDate "2016.08.29"]
[SourceVersion "1"]
[SourceVersionDate "2016.08.29"]
[SourceQuality "1"]

1. e4 e5 2. Nf3 Nc6 3. Bb5 a6 4. Ba4 Nf6 5. 0-0 Be7 6. Re1 b5 7. Bb3 d6 8. c3 0-0 9. d4 Bg4 10. Be3 Bh5 11. h3 exd4 12. cxd4 d5 13. e5 Ne4 14. Nc3 Nxc3 15. bxc3 Na5 16. Bc2 Nc4 17. g4 Bg6 18. Bf5 a5 19. Bf4 1/2-1/2

[Event "Marianske Lazne GM 15th"]
[Site "Marianske Lazne"]
[Date "2016.01.16"]
[Round "1"]
[White "Padmini, Rout"]
[Black "Kononenko, Dmitry"]
[Result "0-1"]
[WhiteElo "2427"]
[BlackElo "2618"]
[PlyCount "90"]
[EventDate "2016.01.16"]
[EventType "tourn"]
[EventRounds "9"]
[EventCountry "CZE"]
[EventCategory "8"]
[SourceTitle "CBM 170 Extra"]
[Source "ChessBase"]
[SourceDate "2016.02.25"]
[SourceVersion "1"]
[SourceVersionDate "2016.02.25"]
[SourceQuality "1"]

1. e4 c5 2. Nf3 Nc6 3. d4 cxd4 4. Nxd4 Nf6 5. Nc3 d6 6. Bg5 e6 7. Qd2 a6 8. 0-0-0 h6 9. Bf4 Bd7 10. Nxc6 Bxc6 11. f3 d5 12. Qe1 Bb4 13. a3 Ba5 14. b4 Bb6 15. Be5 0-0 16. Qg3 Nh5 17. Qg4 Nf6 18. Qg3 Rc8 19. exd5 Bxd5 20. Ne4 Nh5 21. Qg4 f5 22. Qxh5 fxe4 23. fxe4 Bxe4 24. Rxd8 Rxc2+ 25. Kb1 Rxd8 26. Bc4 Rxc4+ 27. Ka1 Bd4+ 28. Bxd4 Rcxd4 29. Rc1 Rd2 30. Re1 Rc8 31. Qh3 Bd5 32. g4 Rcc2 33. g5 Rxh2 34. Qe3 Ra2+ 35. Kb1 Rab2+ 36. Ka1 Ra2+ 37. Kb1 Rab2+ 38. Ka1 hxg5 39. Rd1 Ra2+ 40. Kb1 Rab2+ 41. Ka1 Rhe2 42. Qc3 Ra2+ 43. Kb1 Be4+ 44. Rd3 Bxd3+ 45. Qxd3 Rad2 0-1

[Event "Pardubice Czech op-A 26th"]
[Site "Pardubice"]
[Date "2015.07.27"]
[Round "4"]
[White "Teske, Henrik"]
[Black "Kononenko, Dmitry"]
[Result "1/2-1/2"]
[WhiteElo "2475"]
[BlackElo "2617"]
[PlyCount "59"]
[EventDate "2015.07.24"]
[EventType "swiss"]
[EventRounds "9"]
[EventCountry "CZE"]
[SourceTitle "CBM 167 Extra"]
[Source "ChessBase"]
[SourceDate "2015.09.14"]
[SourceVersion "1"]
[SourceVersionDate "2015.09.14"]
[SourceQuality "1"]

1. Nf3 c5 2. c4 g6 3. g3 Bg7 4. Bg2 Nc6 5. 0-0 e6 6. Nc3 Nge7 7. a3 0-0 8. d3 b6 9. Bd2 Bb7 10. Rb1 d6 11. b4 Qd7 12. Qc1 Rad8 13. Bh6 Nd4 14. Bxg7 Kxg7 15. Nxd4 cxd4 16. Bxb7 Qxb7 17. Nb5 e5 18. c5 dxc5 19. bxc5 Qd7 20. cxb6 axb6 21. Qc7 Qe6 22. Rfc1 Nd5 23. Qc4 Qg4 24. e3 h5 25. Nc7 Nxc7 26. Qxc7 Rfe8 27. exd4 Rxd4 28. Rc4 h4 29. Rxd4 Qxd4 30. Qc4 1/2-1/2

[Event "Pardubice Czech op-A 26th"]
[Site "Pardubice"]
[Date "2015.07.24"]
[Round "1"]
[White "Kononenko, Dmitry"]
[Black "Shevchenko, Kirill"]
[Result "1-0"]
[WhiteElo "2617"]
[BlackElo "2270"]
[PlyCount "97"]
[EventDate "2015.07.24"]
[EventType "swiss"]
[EventRounds "9"]
[EventCountry "CZE"]
[SourceTitle "CBM 167 Extra"]
[Source "ChessBase"]
[SourceDate "2015.09.14"]
[SourceVersion "1"]
[SourceVersionDate "2015.09.14"]
[SourceQuality "1"]

1. e4 c5 2. Nf3 d6 3. d4 cxd4 4. Nxd4 Nf6 5. Nc3 a6 6. Be3 e5 7. Nb3 Be6 8. h3 Be7 9. Qf3 0-0 10. 0-0-0 a5 11. Nc5 Nc6 12. g4 Qc8 13. N5a4 Nd7 14. Bb5 Rb8 15. a3 Qc7 16. Nd5 Bxd5 17. exd5 Nd4 18. Bxd4 exd4 19. Rxd4 Bf6 20. Re4 Nc5 21. Rc4 Qe7 22. Nxc5 dxc5 23. Re4 Qd6 24. Rd1 Rbc8 25. c3 Bg5+ 26. Kc2 g6 27. Qg3 Be7 28. Qe3 Rc7 29. f4 Rd8 30. g5 Bf8 31. h4 Re7 32. Re5 h5 33. gxh6 f6 34. Rxe7 Qxe7 35. Qg3 Kh7 36. Bd3 f5 37. h5 Qf6 38. hxg6+ Qxg6 39. Qxg6+ Kxg6 40. Rg1+ Kxh6 41. Bxf5 Rxd5 42. Be4 Rd6 43. Rh1+ Kg7 44. Rh7+ Kf6 45. Rxb7 Bh6 46. Rb5 c4 47. Rxa5 Re6 48. Bd5 Re2+ 49. Kb1 1-0

[Event "Pardubice op rap 26th"]
[Site "Pardubice"]
[Date "2015.07.23"]
[Round "5"]
[White "Cerveny, Martin"]
[Black "Kononenko, Dmitry"]
[Result "1-0"]
[WhiteElo "2394"]
[BlackElo "2617"]
[PlyCount "89"]
[EventDate "2015.07.22"]
[EventType "swiss (rapid)"]
[EventRounds "9"]
[EventCountry "CZE"]
[SourceTitle "CBM 167 Extra"]
[Source "ChessBase"]
[SourceDate "2015.09.14"]
[SourceVersion "1"]
[SourceVersionDate "2015.09.14"]
[SourceQuality "1"]

1. d4 Nf6 2. c4 c5 3. d5 e6 4. Nc3 exd5 5. cxd5 d6 6. e4 g6 7. h3 Bg7 8. Nf3 0-0 9. Bd3 a6 10. a4 Nh5 11. 0-0 Nd7 12. Bg5 Bf6 13. Bh6 Re8 14. g4 Ng7 15. Qd2 Rb8 16. Kg2 Qc7 17. Bc4 Nb6 18. b3 Nxc4 19. bxc4 Be7 20. Rfe1 f6 21. Rad1 Bd7 22. Nh2 b5 23. axb5 axb5 24. cxb5 Bxb5 25. f4 Bf8 26. Nf3 Bc4 27. e5 f5 28. exd6 Bxd6 29. Ne5 Bb3 30. Ra1 Rb4 31. Nc6 Rxe1 32. Rxe1 Bxf4 33. Bxf4 Qxf4 34. Qxf4 Rxf4 35. d6 Be6 36. Nd8 Rd4 37. Nxe6 Rd2+ 38. Kg3 Rxd6 39. Nxc5 fxg4 40. hxg4 h6 41. N3e4 Rb6 42. Rh1 h5 43. g5 Rb4 44. Kf4 Rb8 45. Ra1 1-0

[Event "Pardubice op rap 26th"]
[Site "Pardubice"]
[Date "2015.07.23"]
[Round "6"]
[White "Kononenko, Dmitry"]
[Black "Popov, Mikhail"]
[Result "0-1"]
[WhiteElo "2617"]
[BlackElo "2308"]
[PlyCount "44"]
[EventDate "2015.07.22"]
[EventType "swiss (rapid)"]
[EventRounds "9"]
[EventCountry "CZE"]
[SourceTitle "CBM 167 Extra"]
[Source "ChessBase"]
[SourceDate "2015.09.14"]
[SourceVersion "1"]
[SourceVersionDate "2015.09.14"]
[SourceQuality "1"]

1. e4 c5 2. Nf3 d6 3. d4 cxd4 4. Nxd4 Nf6 5. Nc3 a6 6. Be3 e5 7. Nb3 Be7 8. f4 Ng4 9. Qf3 Nxe3 10. Qxe3 exf4 11. Qxf4 Nc6 12. Qf2 Bh4 13. g3 Bg5 14. h4 Bh6 15. Bh3 Bxh3 16. Rxh3 Ne5 17. Nd5 Qc8 18. Rh1 Qg4 19. Nd2 Rc8 20. Ne3 Bxe3 21. Qxe3 Rxc2 22. Qb3 Rxb2 0-1

[Event "Orsha op"]
[Site "Orsha"]
[Date "2015.01.22"]
[Round "6"]
[White "Kononenko, Dmitry"]
[Black "Timerkhanov, Alexander"]
[Result "0-1"]
[WhiteElo "2265"]
[BlackElo "2227"]
[PlyCount "96"]
[EventDate "2015.01.19"]
[EventType "swiss"]
[EventRounds "9"]
[EventCountry "BLR"]
[SourceTitle "CBM 164 Extra"]
[Source "ChessBase"]
[SourceDate "2015.03.02"]
[SourceVersion "1"]
[SourceVersionDate "2015.03.02"]
[SourceQuality "1"]

1. d4 d5 2. c4 c6 3. cxd5 cxd5 4. Nc3 Nf6 5. Bf4 Nc6 6. e3 a6 7. Rc1 Bf5 8. Qb3 Na5 9. Qa4+ Bd7 10. Qd1 Rc8 11. Bd3 e6 12. Nge2 Be7 13. 0-0 0-0 14. h3 b5 15. g4 Nc4 16. Rc2 b4 17. Nb1 Bb5 18. b3 Nd6 19. Bxd6 Qxd6 20. Bxb5 axb5 21. Qd3 Rxc2 22. Qxc2 h5 23. gxh5 Nxh5 24. Nd2 Ra8 25. Nf3 Qa6 26. Nc1 Nf6 27. Ne5 Rc8 28. Qe2 Ne4 29. Ncd3 Bd6 30. Kh1 Bxe5 31. Nxe5 Rc7 32. Rg1 Qc8 33. Qf3 Qd8 34. Qg2 Qf6 35. f3 Nd6 36. Ng4 Qh4 37. Ne5 f6 38. Ng6 Qh6 39. Nf4 Kf7 40. Qg4 Re7 41. Kh2 Qh7 42. Nh5 g6 43. Nf4 g5 44. Ng2 Ra7 45. f4 Qf5 46. Qh5+ Kg8 47. Nh4 Rxa2+ 48. Kh1 Qxh3# 0-1

[Event "Pardubice Czech op-A 24th"]
[Site "Pardubice"]
[Date "2013.07.19"]
[Round "1"]
[White "Kireev, Aleksei"]
[Black "Kononenko, Dmitry"]
[Result "1/2-1/2"]
[WhiteElo "2310"]
[BlackElo "2610"]
[PlyCount "75"]
[EventDate "2013.07.19"]
[EventType "swiss"]
[EventRounds "9"]
[EventCountry "CZE"]
[SourceTitle "CBM 155 Extra"]
[Source "ChessBase"]
[SourceDate "2013.08.26"]
[SourceVersion "1"]
[SourceVersionDate "2013.08.26"]
[SourceQuality "1"]

1. d4 Nf6 2. Bg5 e6 3. Nd2 h6 4. Bh4 c5 5. c3 cxd4 6. cxd4 Qb6 7. Qc2 Nc6 8. Bxf6 gxf6 9. e3 d5 10. Ngf3 e5 11. a3 exd4 12. Nxd4 Nxd4 13. exd4 Qxd4 14. Bb5+ Kd8 15. 0-0 Be6 16. Nf3 Qb6 17. Bd3 Rc8 18. Qd2 Bd6 19. Rac1 Kd7 20. b4 h5 21. Nd4 Rxc1 22. Rxc1 Rc8 23. Rxc8 Kxc8 24. Nxe6 fxe6 25. Qe2 Kd7 26. Qxh5 a5 27. Qf7+ Be7 28. h4 axb4 29. axb4 Qxb4 30. h5 f5 31. h6 Qe1+ 32. Bf1 Qa1 33. h7 Kd6 34. Qe8 Bf6 35. Qb8+ Kc6 36. Qc8+ Kd6 37. Qxb7 Qb2 38. Qxb2 1/2-1/2

[Event "CZE-chT rap"]
[Site "Pardubice"]
[Date "2013.07.13"]
[Round "4.2"]
[White "Sabol, Marian"]
[Black "Kononenko, Dmitry"]
[Result "0-1"]
[WhiteElo "2332"]
[BlackElo "2610"]
[PlyCount "58"]
[EventDate "2013.07.11"]
[EventType "team-swiss"]
[EventRounds "7"]
[EventCountry "CZE"]
[SourceTitle "CBM 155 Extra"]
[Source "ChessBase"]
[SourceDate "2013.08.26"]
[SourceVersion "1"]
[SourceVersionDate "2013.08.26"]
[SourceQuality "1"]

1. d4 Nf6 2. Bg5 e6 3. e4 h6 4. Bxf6 Qxf6 5. Nf3 d6 6. Nc3 a6 7. Bd3 Nc6 8. 0-0 g5 9. Re1 g4 10. e5 Qg7 11. Nh4 Be7 12. Nf5 exf5 13. exd6 cxd6 14. Nd5 Kf8 15. c3 Bd8 16. Qb3 h5 17. Re2 Qg5 18. Rae1 Kg7 19. g3 h4 20. Re8 Rxe8 21. Rxe8 Rb8 22. Nf4 hxg3 23. fxg3 Bd7 24. Re2 Qh6 25. h4 Ne7 26. Bc4 Ng6 27. Bxf7 Nxf4 28. gxf4 Bxh4 29. Be6 Bxe6 0-1

[Event "CZE-chT rap"]
[Site "Pardubice"]
[Date "2013.07.12"]
[Round "2.3"]
[White "Mejzlik, Ondrej"]
[Black "Kononenko, Dmitry"]
[Result "0-1"]
[WhiteElo "2232"]
[BlackElo "2610"]
[PlyCount "58"]
[EventDate "2013.07.11"]
[EventType "team-swiss"]
[EventRounds "7"]
[EventCountry "CZE"]
[SourceTitle "CBM 155 Extra"]
[Source "ChessBase"]
[SourceDate "2013.08.26"]
[SourceVersion "1"]
[SourceVersionDate "2013.08.26"]
[SourceQuality "1"]

1. c4 c5 2. Nc3 g6 3. g3 Bg7 4. Bg2 Nc6 5. e4 a6 6. Nge2 b5 7. d3 Rb8 8. 0-0 d6 9. f4 Bd7 10. h3 f5 11. exf5 gxf5 12. Kh2 Nf6 13. Ng1 0-0 14. Nf3 Kh8 15. Ng5 Nd4 16. Rf2 bxc4 17. dxc4 e5 18. Be3 e4 19. Nd5 h6 20. Nxf6 Qxf6 21. h4 hxg5 22. fxg5 Qg6 23. h5 Qe6 24. g6 Be5 25. Qc1 Kg8 26. Bh6 f4 27. gxf4 Nf3+ 28. Rxf3 exf3 29. Bf1 Rxb2+ 0-1

[Event "Pardubice Czech op-A 23rd"]
[Site "Pardubice"]
[Date "2012.07.23"]
[Round "4"]
[White "Kononenko, Dmitry"]
[Black "Rojicek, Vojtech"]
[Result "1-0"]
[WhiteElo "2608"]
[BlackElo "2438"]
[PlyCount "65"]
[EventDate "2012.07.12"]
[EventType "swiss"]
[EventRounds "9"]
[EventCountry "CZE"]
[SourceTitle "CBM 149 Extra"]
[Source "ChessBase"]
[SourceDate "2012.08.24"]
[SourceVersion "1"]
[SourceVersionDate "2012.08.24"]
[SourceQuality "1"]

1. e4 e5 2. Nf3 Nc6 3. Bb5 a6 4. Ba4 Nf6 5. 0-0 Be7 6. Re1 b5 7. Bb3 d6 8. c3 0-0 9. h3 Na5 10. Bc2 c5 11. d4 Qc7 12. Nbd2 cxd4 13. cxd4 Nc6 14. Nb3 a5 15. Be3 a4 16. Nbd2 Bd7 17. a3 Rfe8 18. Bd3 Qb7 19. b4 exd4 20. Bxd4 Nxd4 21. Nxd4 g6 22. N2f3 Bf8 23. e5 dxe5 24. Nxe5 Bg7 25. Rc1 Qd5 26. Ndf3 Rad8 27. Rc5 Qb3 28. Qc1 Bf5 29. Bxb5 Ne4 30. Bxe8 Rxe8 31. Nd4 Qa2 32. Rc2 Qd5 33. Nxf5 1-0

[Event "Pardubice Czech op-A 23rd"]
[Site "Pardubice"]
[Date "2012.07.22"]
[Round "3"]
[White "Obodchuk, Andrei"]
[Black "Kononenko, Dmitry"]
[Result "0-1"]
[WhiteElo "2399"]
[BlackElo "2608"]
[PlyCount "84"]
[EventDate "2012.07.12"]
[EventType "swiss"]
[EventRounds "9"]
[EventCountry "CZE"]
[SourceTitle "CBM 149 Extra"]
[Source "ChessBase"]
[SourceDate "2012.08.24"]
[SourceVersion "1"]
[SourceVersionDate "2012.08.24"]
[SourceQuality "1"]

1. Nf3 c5 2. c4 g6 3. Nc3 Bg7 4. g3 Nc6 5. Bg2 e6 6. e3 Nge7 7. d4 cxd4 8. Nxd4 Nxd4 9. exd4 0-0 10. 0-0 d6 11. b3 Nf5 12. Ne2 Rb8 13. a4 a6 14. Qd3 b5 15. cxb5 axb5 16. a5 b4 17. Bd2 Bd7 18. Rfc1 Bb5 19. Qf3 d5 20. Bf1 Qe7 21. Bf4 Rbc8 22. Be3 Rxc1 23. Nxc1 Nxd4 24. Bxd4 Bxd4 25. Ra2 Rc8 26. Bxb5 Rxc1+ 27. Kg2 Ba7 28. a6 Qc5 29. Be8 Qe7 30. Bb5 Rc3 31. Qd1 Qc5 32. Bd3 e5 33. Bf1 e4 34. Rd2 Rf3 35. Qc2 Rc3 36. Qd1 Kg7 37. h4 f5 38. Kh3 Rc1 39. Qe2 d4 40. Qb5 Qxb5 41. Bxb5 Kf6 42. Bc4 d3 0-1

[Event "Pardubice op rap 23rd"]
[Site "Pardubice"]
[Date "2012.07.19"]
[Round "8"]
[White "Kononenko, Dmitry"]
[Black "Toth, Ervin"]
[Result "1-0"]
[WhiteElo "2608"]
[BlackElo "2477"]
[PlyCount "81"]
[EventDate "2012.07.18"]
[EventType "swiss (rapid)"]
[EventRounds "9"]
[EventCountry "CZE"]
[SourceTitle "CBM 149 Extra"]
[Source "ChessBase"]
[SourceDate "2012.08.24"]
[SourceVersion "1"]
[SourceVersionDate "2012.08.24"]
[SourceQuality "1"]

1. d4 Nf6 2. c4 g6 3. g3 Bg7 4. Bg2 0-0 5. Nc3 d6 6. Nf3 Nbd7 7. 0-0 e5 8. Qc2 exd4 9. Nxd4 Re8 10. Rd1 c6 11. b3 Nc5 12. b4 Ne6 13. Nf3 Qc7 14. Ba3 Bf8 15. Rd2 a5 16. b5 Nc5 17. Nd4 Bd7 18. Rad1 Rad8 19. e3 Ng4 20. h3 Nf6 21. Bb2 Qc8 22. Kh2 Bg7 23. bxc6 bxc6 24. e4 Qa6 25. Nb3 Qxc4 26. Rd4 Qa6 27. Rxd6 Nxb3 28. axb3 Qc8 29. Na4 Be6 30. Nc5 Rxd6 31. Rxd6 Bf8 32. Qc3 Bg7 33. Qd2 Qb8 34. Rxc6 Rd8 35. Qxa5 Nd7 36. Nxe6 fxe6 37. Bxg7 Kxg7 38. Rxe6 Kf7 39. Rc6 Ne5 40. Rc7+ Rd7 41. Qd5+ 1-0